<?xml version="1.0" encoding="UTF-8"?>
<collection xmlns="http://www.loc.gov/MARC21/slim">
 <record>
  <leader>00842pamaa2200205   4500</leader>
  <controlfield tag="001">0000043346</controlfield>
  <controlfield tag="005">20130626090000.0</controlfield>
  <controlfield tag="008">080222         my                  eng  </controlfield>
  <datafield tag="020" ind1="0" ind2="0">
   <subfield code="a">9679581926 </subfield>
  </datafield>
  <datafield tag="090" ind1="0" ind2="0">
   <subfield code="a">LB2329.8.M4 </subfield>
   <subfield code="b">LAP 2005</subfield>
  </datafield>
  <datafield tag="245" ind1="1" ind2="0">
   <subfield code="a">Laporan jawatankuasa mengkaji, menyemak dan membuat perakuan tentang perkembangan dan hala tuju pendidikan tinggi Malaysia : </subfield>
   <subfield code="b">langkah-langkah ke arah kecemerlangan.</subfield>
  </datafield>
  <datafield tag="260" ind1="0" ind2="0">
   <subfield code="a">Shah Alam: </subfield>
   <subfield code="b">Pusat Penerbitan Universiti(UPENA), 2005.</subfield>
  </datafield>
  <datafield tag="300" ind1=" " ind2=" ">
   <subfield code="a">lv, 306p.: </subfield>
   <subfield code="b">il.; </subfield>
   <subfield code="c">28 cm.</subfield>
  </datafield>
  <datafield tag="501" ind1="0" ind2="0">
   <subfield code="a">Library</subfield>
  </datafield>
  <datafield tag="504" ind1="0" ind2="0">
   <subfield code="a">Includes bibliographical references and index</subfield>
  </datafield>
  <datafield tag="650" ind1="0" ind2="0">
   <subfield code="a">Universities and colleges -- </subfield>
   <subfield code="z">Malaysia </subfield>
  </datafield>
  <datafield tag="650" ind1="0" ind2="0">
   <subfield code="a">Education,Higher -- </subfield>
   <subfield code="z">Malaysia </subfield>
  </datafield>
  <datafield tag="650" ind1="0" ind2="0">
   <subfield code="a">Education, Higher -- </subfield>
   <subfield code="x">Planning -- </subfield>
   <subfield code="z">Malaysia </subfield>
  </datafield>
  <datafield tag="710" ind1="1" ind2="1">
   <subfield code="a">Kementerian Pengajian Tinggi Malaysia </subfield>
  </datafield>
  <datafield tag="901" ind1=" " ind2=" ">
   <subfield code="u">http://www.mohe.gov.my</subfield>
  </datafield>
 </record>
</collection>
